Most Streamed Future Songs - Statistics

General Stats
  • This quiz has been taken 90 times
  • The average score is 11 of 20
Answer Stats
Streams Album Song Title % Correct
1.759B FUTURE Mask Off
95%
633.9M WE DON'T TRUST YOU Like That
89%
838.0M Heroes & Villains Superhero
85%
516.5M HNDRXX Solo
79%
994.0M EVOL Low Life
76%
964.0M I NEVER LIKED YOU WAIT FOR U
73%
1.290B High Off Life Life Is Good
72%
862.2M Heroes & Villains Too Many Nights
64%
841.6M What A Time To Be Alive Jumpman
61%
590.9M Certified Lover Boy Way 2 Sexy
57%
606.4M Savage Mode X
57%
627.1M Black Panther King's Dead
51%
504.1M WRLD ON DRUGS Fine China
49%
933.9M I Am Not A Human Being II Love Me
47%
476.8M Beautiful Thugger Girls Relationship
45%
497.3M I NEVER LIKED YOU PUFFIN ON ZOOTIEZ
31%
748.6M Red Pill Blues Cold
21%
558.6M Dangerous Woman Everyday
21%
499.3M Unapologetic Loveeeeeee Song
21%
540.5M reputation End Game
16%
No matching quizzes found
Score Distribution
Percent of People with Each Score
Percentile by Number Answered
Your Score History
You have not taken this quiz